Cuentos del mar

Saved in:
Bibliografiske detaljer
Hovedforfatter: London, Jack (autor)
Format: Bog
Sprog:spansk
Udgivet: Barcelona Plaza & Janés 1975
Fag:
Tags: Tilføj Tag
Ingen Tags, Vær først til at tagge denne postø!

MARC

LEADER 00000nam a2200000 a 4500
001 UCQ2482
003 CL-VaPUC
008 980724e19750000SP |||||||||||||||||spa|d
082 0 4 |a 813  |b LON  |2 21 
100 |a London, Jack  |e autor  |9 342822 
245 1 0 |a Cuentos del mar 
300 |a 160 p 
942 |c BK 
945 |d 19980724 00:00:00  |a crobeson 
260 |a Barcelona  |b Plaza & Janés  |c 1975 
650 0 |a Cuentos estadounidenses  |9 265133 
650 0 |a Literatura estadounidense  |9 317168 
583 |a last modification  |c 19980724 00:00:00  |k Rodrigo Vera 
999 |c 273300  |d 273298 
952 |0 0  |1 0  |4 0  |6 813_000000000000000_LON_1975  |7 0  |8 A  |9 308736  |a BIBEDU  |b BIBEDU  |d 2019-11-20  |i 1448021  |o 813 LON 1975  |p 1448021  |r 2019-11-20  |w 2019-11-20  |y BK  |k LIT